000
00302nam a2200121Ia 4500
008
190216s9999||||xx |||||||||||||| ||und||
100
_a
David R Hampton
245
0
_a
Modern Management Ideas And Issues
260
_b
Allied Publishers Limited
_c
1976
300
_a
307p
650
_a
Commerce
942
_c
BK
999
_c
4652
_d
4652